000 01296namaa2200325 i 4500
003 EG-GICUC
005 20260608102842.0
008 260608s2002 ua ao||jr|||| 000 0 ara d
017 _a2002 / 8989
_bدار الكتب والوثائق القومية (مصر)
040 _aEG-GiCUC
_bara
_cEG-GiCUC
_dEG-GiCUC
_erda
082 0 4 _221
_a791.4309
_bF2195f
092 0 4 _221
_a791.4309
_bF2195f
099 _a791.4309 F2195f
100 1 _aفريد، سمير
_eمؤلف.
245 1 _aكتابات مختارة للناقد السينمائى فتحى فرج/
_cإعداد وتقديم سمير فريد.
264 _aالقاهرة (مصر) :
_bالهيئة العامة لقصور الثقافة،
_c2002.
300 _a430 صفحة
_bإيضاحيات، صور ؛
_c23 سم
336 _2rdacontent
_atext
337 _2rdamedia
_aUnmediated
338 _2rdacarrier
_avolume
490 _aآفاق السينما ؛
_v20
504 _aيشتمل على ارجاعات ببليوجرافية.
541 _aوزارة الثقافة ؛
_bالقاهرة ؛
_cإهداء ؛
_d2023.
600 _aفرج، فتحى
650 1 7 _aالسينما
_xنقد
_2qrmak
650 1 7 _aالافلام السينمائية
_xنقد
_2qrmak
651 1 _2qrmak
905 _aAya
942 _2ddc
_cBK
_e21
_n0
999 _c180410
_d180410